<?xml version="1.0" encoding="UTF-8"?><?xml-stylesheet type="text/xsl" href="static/style.xsl"?><OAI-PMH xmlns="http://www.openarchives.org/OAI/2.0/" xmlns:xsi="http://www.w3.org/2001/XMLSchema-instance" xsi:schemaLocation="http://www.openarchives.org/OAI/2.0/ http://www.openarchives.org/OAI/2.0/OAI-PMH.xsd"><responseDate>2026-06-07T19:59:53Z</responseDate><request verb="GetRecord" identifier="oai:docta.ucm.es:20.500.14352/14113" metadataPrefix="marc">https://docta.ucm.es/rest/oai/request</request><GetRecord><record><header><identifier>oai:docta.ucm.es:20.500.14352/14113</identifier><datestamp>2024-10-08T13:27:22Z</datestamp><setSpec>com_20.500.14352_14</setSpec><setSpec>col_20.500.14352_20</setSpec></header><metadata><record xmlns="http://www.loc.gov/MARC21/slim" xmlns:dcterms="http://purl.org/dc/terms/" xmlns:xsi="http://www.w3.org/2001/XMLSchema-instance" xmlns:doc="http://www.lyncode.com/xoai" xsi:schemaLocation="http://www.loc.gov/MARC21/slim http://www.loc.gov/standards/marcxml/schema/MARC21slim.xsd">
   <leader>00925njm 22002777a 4500</leader>
   <datafield ind2=" " ind1=" " tag="042">
      <subfield code="a">dc</subfield>
   </datafield>
   <datafield ind2=" " ind1=" " tag="720">
      <subfield code="a">Santos Marinas, Enrique</subfield>
      <subfield code="e">author</subfield>
   </datafield>
   <datafield ind2=" " ind1=" " tag="260">
      <subfield code="c">2018-10</subfield>
   </datafield>
   <datafield ind2=" " ind1=" " tag="520">
      <subfield code="a">El tema del doble ha sido uno de los mitos más recurrentes en la literatura y el cine contemporáneos desde su aparición en el siglo XIX unido al género fantástico. Paralelamente, el ciclo artúrico fue incorporado a la postmodernidad con el poema “La tierra baldía” (1922) de T. S. Eliot. Esta obra determinó la visión postmoderna del mito artúrico de la búsqueda del Santo Grial, reflejada por el cine contemporáneo, con ejemplos notables como “Excalibur” (1981), “Indiana Jones y la última Cruzada” (1989) o “El rey pescador” (1991). En la presente comunicación nos proponemos analizar el distinto tratamiento del tema del doble dentro del mito artúrico en su doble vertiente luminosa/sombría.</subfield>
   </datafield>
   <datafield ind2=" " ind1=" " tag="520">
      <subfield code="a">The double motif has been one of the modern myths more recurrent in both contemporary literature and film since its appearance in the 19th century together with the fantastic genre. In a parallel way, the Arthurian legend was incorporated into the modernity with the poem "The Waste Land" (1922) by T. S. Eliot. This work determined the postmodern vision of the Arthurian myth of the quest of the Holy Grail, as shown in contemporary film, with notable examples such as "Excalibur" (1981), "Indiana Jones and the Last Crusade" (1989) or "The Fisher King" (1991). In this paper, we are intended to analyse the different treatment of the double motif inside of the Arthurian myth in its both bright/dark sides.</subfield>
   </datafield>
   <datafield ind1="8" ind2=" " tag="024">
      <subfield code="a">https://hdl.handle.net/20.500.14352/14113</subfield>
   </datafield>
   <datafield ind1="8" ind2=" " tag="024">
      <subfield code="a">https://mythcriticism.com/programa-v/</subfield>
   </datafield>
   <datafield ind2="0" ind1="0" tag="245">
      <subfield code="a">El tema del doble dentro del mito artúrico de la búsqueda del Santo Grial en el cine contemporáneo</subfield>
   </datafield>
</record></metadata></record></GetRecord></OAI-PMH>